000 00830nam a22002297a 4500
999 _c160
_d160
003 AR-CdUCM
008 190222b ||||| |||| 00| 0 spa d
040 _aMUNICIPALIDAD PROVINCIAL DEL CUSCO
_cBIBLIOTECA MUNICIPAL DEL CUSCO
082 _a860.1 /
_bS68
100 _aSoriano Badani, Armando
_9755
245 _aEl Illimani en la Literatura /
260 _aBolivia :
_bEdiciones de la Casa Municipal de la Cultura ;
_c1976.
300 _a115 paginas ;
_b9 Ilustraciones.
_c23 cm,
505 _aAnte el Illimani -- La Paz: Una visión General y un Símbolo -- Illimani, Trino y Uno -- De la Paz a la Sorata -- De estampas Bolivianas ...
650 _aIllimani
_9756
650 _aPaz
_9757
650 _aLiteratura
_983
650 _aPoesía
_9139
650 _aArtistas
_9394
942 _2ddc
_cLIBROS
945 _arum
_d20129-02-22